00686nam a2200193Ia 4500952014400000999001700144003000400161005001700165008004100182020001800223040000900241082001900250100002300269245006700292260006400359300000900423650001500432942004500447 00102ddc40708ENTRANCEaMESbMEScCAREER CORNERd2019-02-20g499.00l0o658.007 SHA/Tp32530r2019-02-20 00:00:00w2019-02-20yREFzU8R5 c36877d36877OSt20210122150626.0190216s9999||||xx |||||||||||||| ||und|| a9780070619920 coclc a658.007bSHA/T aSharma, Arun98357 4aThe Complete CAT Digest (common Admission Test) /cArun Sharma bTata Mcgraw Hill Publishing Company Ltd,c2008.aNew Delhi: a576p aReferences cREF2ddch658.007iSHA/Tk658.007mSHA/T